Normal view
MARC view
Entry Personal Name
001 - CONTROL NUMBER
- control field: 9061
003 - CONTROL NUMBER IDENTIFIER
- control field: ARRUPE
005 - DATE AND TIME OF LATEST TRANSACTION
- control field: 20140312143935.0
008 - FIXED-LENGTH DATA ELEMENTS
- fixed length control field: 140312|| aca||aabn | a|a d
040 ## - CATALOGING SOURCE
- Original cataloging agency: ARRUPE
- Transcribing agency: ARRUPE
100 ## - HEADING--PERSONAL NAME
- Personal name: Finaughty, William.
670 ## - SOURCE DATA FOUND
- Source citation: Work cat.: (ARRUPE)0: Finaughty, William., The recollections of William Finaughty, elephant hunter,, 1957.